Science Quiz

Random Science or Latin Quiz
Score 0/11 Timer 05:00
0 Plays Today
% Correct
Frontal
96.9%
Mandible
92.4%
Occipital
89.3%
Nasal
88.7%
Temporal
88.2%
Maxilla
87.9%
Parietal
86%
Zygomatic
82.3%
Sphenoid
79.5%
Ethmoid
72.9%
Lacrimal
68.5%
Remove Ads.
Support Sporcle.
Get the best of Sporcle when you Go Orange. This ad-free experience offers more features, more stats, and more fun while also helping to support Sporcle. Thank you for becoming a member.

You're not logged in!

Compare scores with friends on all Sporcle quizzes.
OR
Log In

Sporcle TV

Today on Sporcle TV


Watch our educational content, quiz creation guides, and fun videos on Sporcle TV.

Show Comments

Extras

Top Quizzes Today


Score Distribution

Paid Content

Your Account Isn't Verified!

In order to create a playlist on Sporcle, you need to verify the email address you used during registration. Go to your Sporcle Settings to finish the process.

Report this User

Report this user for behavior that violates our Community Guidelines.

Details: